| 000 | 00804cab a2200265 4500 | ||
|---|---|---|---|
| 001 | WB3513-35 | ||
| 008 | 090401t1999 xxu||||| |||| 00| 0 eng d | ||
| 035 | _a(Sirsi) u92651 | ||
| 041 | _aeng | ||
| 245 | _aBuy-to-let lenders fail investors | ||
| 260 | _c1999 | ||
| 350 | _a0 | ||
| 490 |
_aEstates Gazette _v(9913) 3 April 1999, 28(1) |
||
| 520 | _aWarns that ARLA and the banks are failing to warn amateur investors taking out buy-to-let mortgages of the pitfalls of investing in the residential property industry. | ||
| 650 | _aARLA | ||
| 650 | _aBUY-TO-LET MORTGAGES | ||
| 650 | _aCOSTS | ||
| 650 | _aHOUSING INVESTMENT | ||
| 650 | _aPRIVATE INVESTORS | ||
| 650 | _aRENTAL GROWTH | ||
| 650 |
_aRESIDENTIAL PROPERTY _96266 |
||
| 690 | _aHOUSING | ||
| 942 | _n0 | ||
| 948 | _c08/04/1999 | ||
| 999 |
_c58723 _d58723 |
||